Administración estratégica. Competitividad y globalización: (Registro nro. 28953)
[ vista simple ]
| 000 -LÍDER | |
|---|---|
| fixed length control field | 00618nam a22002177a 4500 |
| 003 - IDENTIFICADOR DEL NÚMERO DE CONTROL | |
| control field | ITZ |
| 005 - FECHA Y HORA DE LA ULTIMA TRANSACCIÓN | |
| Campo de control | 20230315144143.0 |
| 008 - ELEMENTOS DE LONGITUD FIJA -- INFORMACIÓN GENERAL | |
| fixed length control field | 230315b |||||||| |||| 00| 0 spa d |
| 020 ## - NÚMERO INTERNACIONAL NORMALIZADO PARA LIBROS | |
| ISBN | 978-607-519-508-7 |
| 035 ## - Número de ficha (Janium) | |
| Número de ficha (Janium) | 17322 |
| 041 ## - CÓDIGO DE IDIOMA | |
| Código de idioma para texto/pista de sonido o título separado | spa |
| 050 ## - SIGNATURA TOPOGRAFICA DE LA BIBLIOTECA DEL CONGRESO (LC) | |
| Número de Clasificación | HD30.28 |
| Cutter | H518 2015 |
| 082 ## - NUMERO DE CLASIFICACION DECIMAL DEWEY | |
| Número de Clasificación | 658.401 |
| Cutter | H518a 2015 |
| 100 1# - ASIENTO PRINCIPAL--NOMBRE PERSONAL | |
| Nombre personal | Hitt, Michael A. |
| 245 ## - TÍTULO | |
| Título | Administración estratégica. Competitividad y globalización: |
| Parte restante del título | Conceptos y casos |
| Mención de responsabilidad, etc. | Michael A. Hitt ,[et. al.] |
| 250 ## - MENCIÓN DE EDICIÓN | |
| Mención de edición | 11 ed. |
| 260 ## - PUBLICACIÓN, DISTRIBUCIÓN, ETC. (PIE DE IMPRENTA) | |
| Lugar de publicación, distribución, etc. | México: |
| Nombre del editor, distribuidor, etc. | Cengage, |
| Fecha de publicación, distribución, etc. | 2015. |
| 300 ## - DESCRIPCIÓN FÍSICA | |
| Extensión | xxviii, 404 p. |
| Dimensiones | 27 cm. |
| 650 ## - ASIENTO SECUNDARIO DE MATERIA - TERMINO TEMÁTICO | |
| Término temático o nombre geográfico como elemento de entrada | 1. ADMINISTRACIÓN |
| 942 ## - TIPO DE MATERIAL (KOHA) | |
| Koha item type | Libros |
| No. biblioteca | No. biblioteca | Número de clasificación | Código de barras/Número de adquisición | Número de copia | Tipo de material | Otras carreras |
|---|---|---|---|---|---|---|
| INGENIERÍA EN ADMINISTRACIÓN | INGENIERÍA EN GESTIÓN EMPRESARIAL | 658.401 H518a 2015 | 53803 | 1 | Libros | LUIS G. INCLAN |
